000
00264nam a2200109Ia 4500
008
190216s9999||||xx |||||||||||||| ||und||
100
_a
Delya Sankar Dube
245
0
_a
Hindi-Indira-Priyadarshini
260
_b
Shishu Sahithya Sadan
650
_a
Hindi
942
_c
BK
999
_c
15256
_d
15256